Song Titles: Fill In The Missing Word - Musical Genres (1980's Songs) - Statistics

General Stats
  • This quiz has been taken 26 times
  • The average score is 8 of 20
Answer Stats
Artist Song Title % Correct
Big Country In A Big {Country}
88%
Guns'n'Roses Welcome To The {Jungle}
83%
Lipps Inc {Funk}ytown
79%
AC/DC {Rock} {And} {Roll} Ain't Noise Pollution
79%
Album track Echo and the Bunnymen All That {Jazz}
75%
Jack 'N' Chill The Jack That {House} Built
54%
Adam and the Ants Ant {Rap}
42%
Eric B & Rakim I Know You Got {Soul}
42%
Album track Smiths Death Of A {Disco} Dancer
38%
Album track Exploited {Punk}'s Not Dead
38%
XTC Sgt. {Rock}
33%
Black Lace Do The {Conga}
29%
Modern Romance Everybody {Salsa}
29%
Jesus & Mary Chian {Blues} From A Gun
21%
Manic Street Preachers {Motown} Junk
21%
Album track Clash Rebel {Waltz}
17%
Billy Ocean {Calypso} Crazy
8%
Double Dee & Steinski The History Of {Hip} {Hop}
8%
Little Benny & The Masters Who Comes To {Boogie}
8%
Japan Relax and {Swing}
4%
No matching quizzes found
Score Distribution
Percent of People with Each Score
Percentile by Number Answered
Your Score History
You have not taken this quiz